| 000 | 00625nam a2200217Ia 4500 | ||
|---|---|---|---|
| 005 | 20250425162053.0 | ||
| 008 | 250425s9999 xx 000 0 und d | ||
| 041 | _aspa | ||
| 082 | _a620.0046 | ||
| 100 | _aMORROW, L. C. | ||
| 245 | 0 | _aMANUAL DE MANTENIMIENTO INDUSTRIAL: ORGANIZACION, INGENIERIA MECANICA, ELECTRICA, QUIMICA, CIVIL, PROCESOS Y SISTEMAS | |
| 250 | _a1A ED. | ||
| 260 | _aMEXICO | ||
| 260 |
_aMéxico _bCECSA _c1986 |
||
| 300 | _a813 | ||
| 650 | _aINSTRUMENTACION(MECANICA) | ||
| 650 | _aMANTENIMIENTO INDUSTRIAL | ||
| 650 | _aMANTENIMIENTO INDUSTRIAL-MANUALES | ||
| 942 | _c01 | ||
| 010 | _a47091 | ||
| 999 |
_c221752 _d221752 |
||